| 000 | 01900ntm a2200277 4500 | ||
|---|---|---|---|
| 001 | 37169 | ||
| 003 | BD-RjUL | ||
| 005 | 20211209052602.0 | ||
| 008 | 1406 s2012 bg a|||| mb|| 00| 0 ben d | ||
| 035 | _a(BD-RjUL)37271 | ||
| 040 |
_aBD-RjUL _bben _cBD-RjUL _dBD-RjUL |
||
| 041 | _aben | ||
| 082 |
_221 _a953.02 _bKAU 2012 |
||
| 100 |
_aকামরুজ্জামান, মুহাম্মদ _9112177 |
||
| 245 |
_aউমাইয়া খলিফা আব্দুল মালিকের আরবীয়করণ নীতি ও প্রশাসন ব্যবস্থা / _cমুহাম্মদ কামরুজ্জামান ; _6তত্ত্বাবধায়কঃ মো. শামসুজ্জোহা এছামী |
||
| 260 |
_aরাজশাহী : _bইসলামের ইতিহাস ও সংস্কৃতি বিভাগ, রাজশাহী বিশ্ববিদ্যালয়, _c২০১২ |
||
| 300 |
_avii,২৪০ পাতা; _c২৯ সেমি. |
||
| 502 | _aথিসিস (পিএইচ. ডি.)--ইসলামের ইতিহাস ও সংস্কৃতি বিভাগ, রাজশাহী বিশ্ববিদ্যালয়, ২০১২. | ||
| 504 | _aগ্রন্থপঞ্জি: পাতা ২৩০-২৪০ | ||
| 600 |
_aমালিক, আব্দুল, _d--৬৪২-৭০৫ _cউমাইয়া খলিফা _zআরব _xসমালোচনা ও ব্যাখা _9244182 |
||
| 600 |
_aMalik, Abdul, _d--642-705 _cUmmaya Caliph _zArab _xCriticism and Interpretations _9244183 |
||
| 650 |
_aআরব _vইতিহাস _y৬২২-১৫১৭ _9113667 |
||
| 650 |
_aArab _vHistory _y622-1517 _9113668 |
||
| 700 |
_aএছামী, মো. শামসুজ্জোহা, তত্ত্বাবধায়ক _9113664 |
||
| 942 |
_2ddc _cTHE |
||
| 999 |
_c37169 _d37169 |
||